|
|
|
|
| LEADER |
00000nam a22000007a 4500 |
| 005 |
20191008234512.0 |
| 007 |
cr|||| |||| |
| 008 |
191008s2019 ec |||||s|||| 00||0 spa d |
| 020 |
|
|
|a 9786139410729
|
| 035 |
|
|
|a 29540
|
| 040 |
|
|
|a vLex
|
| 090 |
|
|
|c 9737
|d 9737
|
| 100 |
1 |
|
|a Garca̕ Lp̤ez, Jorge Enrique
|
| 245 |
1 |
2 |
|a El Derecho Internacional Humanitario y la Movilidad Humana en Ecuador
|h [Recurso electrn̤ico] /
|c Jorge Enrique Garca̕ Lp̤ez
|
| 256 |
|
|
|a Servicio en ln̕ea
|
| 260 |
|
|
|a Quito:
|b Editorial Acadm̌ica Espaǫla,
|c 2019
|
| 300 |
|
|
|a 1 recurso electrn̤ico
|
| 500 |
|
|
|a Como colofn̤ a la revisin̤ bibliogrf̀ica, a las investigaciones temt̀icas y los resultados obtenidos con la aplicacin̤ del instrumento evaluativo; podemos inferir que la conceptualizacin̤ y la voluntad polt̕ica existen, y sl̤o demandan una revisin̤ de su operatividad y del compromiso permanente de los actores para alcanzar la idoneidad que requieren los procesos de proteccin̤ y plenos derechos para las personas establecidos por nuestra Constitucin̤.
|
| 506 |
1 |
|
|a Disponible solo en los productos indicados
|d vLex Global
|d vLex Global (Academic Edition, excluding Law Schools)
|d vLex Global (U.S. Academic Edition, Law Schools)
|d vLex Global (U.S. Academic Edition, excluding Law Schools)
|d vLex Global (Academic Edition, Law Schools)
|
| 650 |
0 |
4 |
|a Derecho Internacional
|z Ecuador
|
| 740 |
0 |
|
|a vLex Libros (Servicio en ln̕ea)
|
| 856 |
4 |
0 |
|u http://vlex.com/source/29540
|z Acceso restringido
|
| 942 |
|
|
|c BOOK
|
| 999 |
0 |
|
|a International right
|